World Development Report (Record no. 7854)

MARC details
000 -LEADER
fixed length control field 00475nam a22001817a 4500
003 - CONTROL NUMBER IDENTIFIER
control field OSt
005 - DATE AND TIME OF LATEST TRANSACTION
control field 20220328112111.0
008 - FIXED-LENGTH DATA ELEMENTS--GENERAL INFORMATION
fixed length control field 220328b ||||| |||| 00| 0 eng d
020 ## - INTERNATIONAL STANDARD BOOK NUMBER
International Standard Book Number 978195211290
040 ## - CATALOGING SOURCE
Transcribing agency DDC
082 ## - DEWEY DECIMAL CLASSIFICATION NUMBER
Classification number 362.5 WOR 2001
100 ## - MAIN ENTRY--PERSONAL NAME
Personal name The world Bank
9 (RLIN) 6272
245 ## - TITLE STATEMENT
Title World Development Report
Remainder of title : attacking poverty
260 ## - PUBLICATION, DISTRIBUTION, ETC. (IMPRINT)
Place of publication, distribution, etc. Newyork
Name of publisher, distributor, etc. : Oxford university
Date of publication, distribution, etc. , C 2001
300 ## - PHYSICAL DESCRIPTION
Extent xiv,335p.
Dimensions ; 27 cm
504 ## - BIBLIOGRAPHY, ETC. NOTE
Bibliography, etc Bibliography
942 ## - ADDED ENTRY ELEMENTS (KOHA)
Source of classification or shelving scheme Dewey Decimal Classification
Koha item type Book
Holdings
Withdrawn status Lost status Source of classification or shelving scheme Damaged status Not for loan Home library Current library Date acquired Source of acquisition Inventory number Total Checkouts Full call number Barcode Date last seen Price effective from Koha item type
    Dewey Decimal Classification     Faculty of Interdisciplinary Studies Library Faculty of Interdisciplinary Studies Library 28/03/2022 Purchase 11/4403   362.5 WOR 2001 2022-0577 28/03/2022 28/03/2022 Book
    Dewey Decimal Classification     Faculty of Interdisciplinary Studies Library Faculty of Interdisciplinary Studies Library 28/03/2022 Purchase 11/4401   362.5 WOR 2001 2022-0578 28/03/2022 28/03/2022 Book
    Dewey Decimal Classification     Faculty of Interdisciplinary Studies Library Faculty of Interdisciplinary Studies Library 28/03/2022 Purchase 11/4402   362.5 WOR 2001 2022-0579 28/03/2022 28/03/2022 Book